000 00475cam a2200169 a 4500
001 000000935
005 20200929145440.0
008 851119s1984 ch 000 0aspa
040 _aDO-SdBNP
_bspa
_cBNPHU
082 _a799.24
_bP398e, 1984
100 1 _aPeng, Yin-han,
_d1927-
_93294
245 1 0 _aEn casa al fin /
_cPeng Yin-han.
260 _aTaipei, Taiwan :
_bKuang Lu,
_c1984.
300 _a31 p. ;
_c19 cm.
651 0 _aTaiwan
_93295
600 1 0 _aPeng, Yinhan,
_d1927-
_93296
999 _c926
_d926